Countries Closest to... dang, I forgot where - Statistics

General Stats
  • This quiz has been taken 6,767 times
  • The average score is 14 of 21
Answer Stats
km country miles % Correct
1036 United States 644
99%
1233 Canada 766
96%
1622 Cuba 1008
85%
1332 Bahamas 828
81%
1556 Haiti 967
80%
1488 Dominican Republic 925
79%
1945 Jamaica 1209
79%
1881 Dominica 1169
76%
1663 St Kitts and Nevis 1034
75%
2058 St Lucia 1279
74%
2172 Barbados 1349
72%
2133 St Vincent and the Grenadines 1325
72%
2369 Trinidad and Tobago 1472
72%
1644 Antigua and Barbuda 1022
70%
2222 Grenada 1381
67%
2291 Venezuela 1424
59%
2309 Colombia 1435
57%
Bermuda
30%
2248 Aruba 1397
17%
2254 Curaçao 1400
15%
1589 Sint Maarten 987
12%
No matching quizzes found
Score Distribution
Percent of People with Each Score
Percentile by Number Answered
Your Score History
You have not taken this quiz